[Event "DRUZYNOWE MISTRZOSTWA POLSKI JUNIOROW - II LIGA"]
[Site "Szczyrk, CKiR Orle Gniazdo ul. Wrzosowa 28a"]
[Date "2014-07-29"]
[Round "7.105"]
[White "Poltorak, Sebastian"]
[Black "Kulak, Tomasz"]
[Result "1-0"]
[WhiteTitle "II"]
[BlackTitle "II"]
[WhiteElo "1455"]
[BlackElo "1299"]

1. d4 Nf6 2. c4 g6 3. Nc3 Bg7 4. e4 d6 5. f3 Nbd7 6. Be3 O-O 7. g4 e5 8. d5 a5
9. Nge2 Nc5 10. Ng3 Qe7 11. h4 Ne8 12. Qd2 Bd7 13. h5 a4 14. Bh6 Bxh6 15. Qxh6
c6 16. Be2 g5 17. Nf5 Bxf5 18. gxf5 Kh8 19. f6 Qxf6 20. Qxf8# 1-0

[Event "DRUZYNOWE MISTRZOSTWA POLSKI JUNIOROW - II LIGA"]
[Site "Szczyrk, CKiR Orle Gniazdo ul. Wrzosowa 28a"]
[Date "2014-07-29"]
[Round "7.106"]
[White "Kotula, Magdalena"]
[Black "Jarmuzek, Karolina"]
[Result "0-1"]
[WhiteTitle "I+"]
[BlackTitle "I+"]
[WhiteElo "1613"]
[BlackElo "1742"]

1. e4 c5 2. Nf3 Nc6 3. d4 cxd4 4. Nxd4 Nf6 5. Nc3 d6 6. Bc4 e6 7. Bb3 Be7 8. Be3
O-O 9. Qe2 Bd7 10. O-O-O Na5 11. Rhg1 Nxb3+ 12. axb3 Qa5 13. Kb1 Rab8 14. g4 b5
15. g5 Ne8 16. Qh5 b4 17. Nce2 f6 18. Nf5 exf5 19. g6 hxg6 20. Rxg6 Qe5 21. Nf4
fxe4 22. Qh6 Kf7 23. Rxg7+ Nxg7 24. Qg6+ Kg8 25. Rd5 Bf5 26. Qg2 Rb7 27. Rxe5
dxe5 28. Nh5 Rf7 29. Bh6 Bf8 30. Ng3 Bh7 31. Qh3 Rbd7 32. Qe6 Nxe6 0-1

[Event "DRUZYNOWE MISTRZOSTWA POLSKI JUNIOROW - II LIGA"]
[Site "Szczyrk, CKiR Orle Gniazdo ul. Wrzosowa 28a"]
[Date "2014-07-29"]
[Round "7.108"]
[White "Krasinski, Mateusz"]
[Black "Kalmuk, Krzysztof"]
[Result "0-1"]
[WhiteTitle "II+"]
[BlackTitle "I"]
[WhiteElo "1657"]
[BlackElo "1934"]

1. e4 c5 2. Nf3 e6 3. d4 cxd4 4. Nxd4 a6 5. Nc3 Qc7 6. Be3 Nf6 7. a3 d6 8. Be2
Be7 9. O-O b5 10. f4 Bb7 11. Bf3 Nbd7 12. Re1 O-O 13. Nb3 Rac8 14. Qd2 Nb6 15.
Na5 Ba8 16. Qf2 Na4 17. Nxa4 bxa4 18. Bd2 d5 19. b4 axb3 20. Nxb3 dxe4 21. Bd1
Qb7 22. Rb1 Bxa3 23. c3 Bc5 24. Be3 Bxe3 25. Qxe3 Nd5 26. Qxe4 Qc7 27. Bc2 g6
28. Qe5 Nxf4 29. Qxc7 Rxc7 30. Be4 Rxc3 31. Bxa8 Rxa8 32. g3 Nd5 33. Rec1 a5 34.
Rxc3 Nxc3 35. Ra1 a4 36. Nc5 Ra5 37. Nd3 a3 38. Rc1 0-1

[Event "DRUZYNOWE MISTRZOSTWA POLSKI JUNIOROW - II LIGA"]
[Site "Szczyrk, CKiR Orle Gniazdo ul. Wrzosowa 28a"]
[Date "2014-07-29"]
[Round "7.109"]
[White "Sendobry, Adam"]
[Black "Pajdzik, Kamil"]
[Result "1/2-1/2"]
[WhiteTitle "II"]
[BlackTitle "II"]
[WhiteElo "1417"]
[BlackElo "1525"]

1. e4 c5 2. Nc3 Nc6 3. g3 g6 4. Bg2 Bg7 5. d3 e6 6. Be3 d6 7. Nge2 Nge7 8. O-O
O-O 9. Qd2 Nd4 10. Bh6 Nec6 11. Bxg7 Kxg7 12. h4 e5 13. Nxd4 Nxd4 14. Nd5 Be6
15. c3 Nc6 16. Ne3 f5 17. Kh2 f4 18. Nc2 f3 19. Bh3 Qd7 20. Bxe6 Qxe6 21. Ne3
Ne7 22. Rg1 g5 23. Nc2 Qg4 24. Qxg5+ Qxg5 25. hxg5 Kg6 26. Rh1 Kxg5 27. Kg1 h5
28. Kf1 Rh8 29. Ke1 Rad8 30. Ne3 b5 31. Kd2 d5 32. exd5 Nxd5 33. Nxd5 Rxd5 34.
Kc2 Rhd8 35. Rad1 Kg4 36. Rh4+ Kg5 37. Rhh1 Rb8 38. Rhe1 Rbd8 39. Rh1 Re8 40.
Rh4 Red8 41. Rhh1 Kg4 42. Rh4+ Kg5 43. Rhh1 R8d6 44. Rhe1 Rd8 45. Rh1 Kg4 1/2-1/2

[Event "DRUZYNOWE MISTRZOSTWA POLSKI JUNIOROW - II LIGA"]
[Site "Szczyrk, CKiR Orle Gniazdo ul. Wrzosowa 28a"]
[Date "2014-07-29"]
[Round "7.110"]
[White "Brozyna, Mateusz"]
[Black "Koszewski, Daniel"]
[Result "1/2-1/2"]
[WhiteTitle "II"]
[BlackTitle "II"]
[WhiteElo "1471"]
[BlackElo "1511"]

1. e4 c6 2. d4 d5 3. Nc3 dxe4 4. Nxe4 Bf5 5. Ng3 Bg6 6. Nf3 Nd7 7. h4 h6 8. h5
Bh7 9. Bd3 Bxd3 10. Qxd3 Ngf6 11. Bf4 Qa5+ 12. Bd2 Qc7 13. O-O-O e6 14. Kb1 O-O-O
15. c4 c5 16. Be3 cxd4 17. Nxd4 a6 18. a3 Kb8 19. b4 Ka8 20. Qb3 Ne5 21. Rc1 Rc8
22. Bf4 Nfd7 23. Rce1 Be7 24. Nf3 Nxf3 25. Qxf3 Qc6 26. Qxc6 Rxc6 27. Ne4 Nf6
28. Nxf6 Bxf6 29. Be5 Bxe5 30. Rxe5 Rd8 31. Re4 Rc7 32. Rg4 f6 33. c5 Rd5 34.
Re1 Re7 35. Rh4 Kb8 36. Kc2 Kc7 37. Rd1 Rxd1 38. Kxd1 Rd7+ 39. Kc2 Kc6 40. Rh3
Kb5 41. Re3 e5 42. Rg3 a5 43. Rg4 axb4 44. axb4 b6 45. cxb6 Kxb6 46. Kc3 Kb5 47.
f4 e4 48. f5 Re7 49. Kd2 Kxb4 50. Ke3 Kc5 51. Rxe4 Rxe4+ 52. Kxe4 Kc4 53. g4 Kc3
54. Ke3 1/2-1/2

[Event "DRUZYNOWE MISTRZOSTWA POLSKI JUNIOROW - II LIGA"]
[Site "Szczyrk, CKiR Orle Gniazdo ul. Wrzosowa 28a"]
[Date "2014-07-29"]
[Round "7.112"]
[White "Jarocka, Liwia"]
[Black "Sendobry, Anna"]
[Result "1/2-1/2"]
[WhiteTitle "I"]
[BlackTitle "II"]
[WhiteElo "1325"]
[BlackElo "1368"]

1. e4 e5 2. Nf3 Nc6 3. Bb5 a6 4. Ba4 Nf6 5. O-O b5 6. Bb3 Be7 7. Re1 O-O 8. c3
d6 9. h3 Na5 10. Bc2 Nc4 11. d3 Nb6 12. d4 exd4 13. cxd4 c5 14. d5 Bb7 15. Nbd2
Re8 16. Nf1 Nfd7 17. Ng3 Bf6 18. Rb1 g6 19. b4 Nc4 20. Nd2 Nde5 21. bxc5 dxc5
22. Nxc4 Nxc4 23. Bd3 Nb6 24. Be3 Na4 25. Qg4 Nc3 26. Rbc1 c4 27. Bb1 Be5 28.
Nf5 Nxb1 29. Nh6+ Kf8 30. Bc5+ Bd6 31. Qf4 Kg7 32. Qxf7+ Kxh6 33. Be3+ g5 34.
h4 Be7 35. Qe6+ Kg7 36. Rxb1 Bf6 37. Qg4 Bc8 38. Qh5 Qe7 39. hxg5 Bc3 40. g6 Kg8
41. gxh7+ Kh8 42. Rbc1 Qe5 43. Bg5 Bxe1 44. Bf6+ Qxf6 45. Qxe8+ Kxh7 46. Qh5+
Qh6 47. Qf7+ Qg7 48. Qh5+ Qh6 49. Qf7+ Qg7 1/2-1/2

[Event "DRUZYNOWE MISTRZOSTWA POLSKI JUNIOROW - II LIGA"]
[Site "Szczyrk, CKiR Orle Gniazdo ul. Wrzosowa 28a"]
[Date "2014-07-29"]
[Round "7.114"]
[White "Kokoszczynski, Jan"]
[Black "Rudecki, Bartosz"]
[Result "1-0"]
[WhiteTitle "I"]
[BlackTitle "II+"]
[WhiteElo "1753"]
[BlackElo "1578"]

1. e4 e5 2. Nf3 Nc6 3. d4 exd4 4. Bc4 Nf6 5. Ng5 d5 6. exd5 Qe7+ 7. Kf1 Ne5 8.
Qxd4 h6 9. Ne4 Bf5 10. Nxf6+ gxf6 11. Bb3 Rg8 12. h3 b6 13. Nc3 O-O-O 14. Qf4
Bd7 15. Be3 Kb8 16. a4 a5 17. Re1 Ng6 18. Qc4 Qb4 19. Qxb4 Bxb4 20. Bxh6 Nh4 21.
g3 Nf3 22. Re3 Nd2+ 23. Kg2 Nxb3 24. cxb3 Bf5 25. Rf3 Bxc3 26. Rxf5 Bxb2 27. Bf4
Kb7 28. Rb1 Bc3 29. Rc1 Be5 30. Bxe5 fxe5 31. Rxf7 Rxd5 32. Rcxc7+ Ka8 33. Ra7+
Kb8 34. Rfb7+ Kc8 35. Rxb6 e4 36. Rb5 Rgg5 37. Raxa5 Rg6 38. Ra8+ 1-0

[Event "DRUZYNOWE MISTRZOSTWA POLSKI JUNIOROW - II LIGA"]
[Site "Szczyrk, CKiR Orle Gniazdo ul. Wrzosowa 28a"]
[Date "2014-07-29"]
[Round "7.115"]
[White "Gajewski, Marcin"]
[Black "Piotrowicz, Jakub"]
[Result "1/2-1/2"]
[WhiteTitle "II"]
[BlackTitle "II"]
[WhiteElo "1415"]
[BlackElo "1388"]

1. e4 e5 2. Nf3 d5 3. Nc3 d4 4. Ne2 Nc6 5. Ng3 Bd6 6. Bc4 Na5 7. Bb3 Nxb3 8. axb3
Be6 9. O-O Ne7 10. d3 O-O 11. Ng5 Qd7 12. Qh5 h6 13. Nxe6 Qxe6 14. Bd2 f5 15.
exf5 Nxf5 16. Ne4 a6 17. b4 Qf7 18. Qxf7+ Rxf7 19. Ra5 b6 20. Ra4 c5 21. Rfa1
Rfa7 22. b5 a5 23. Rd1 Be7 24. f3 Nd6 25. Nxd6 Bxd6 26. g4 Rf7 27. Kg2 Kf8 28.
Be1 Ke7 29. Bg3 Raf8 30. Rf1 Ke6 31. b3 Be7 32. Raa1 Bg5 33. h3 Kd5 34. Rae1 Be3
35. Ra1 Bd2 36. Be1 Be3 37. Bg3 g6 38. Rab1 h5 39. Ra1 Rh7 40. Rh1 h4 41. Bh2
Rhf7 42. Rhf1 g5 43. Ra4 Re8 44. Raa1 Rfe7 45. Ra4 Bf4 46. Raa1 Be3 1/2-1/2

[Event "DRUZYNOWE MISTRZOSTWA POLSKI JUNIOROW - II LIGA"]
[Site "Szczyrk, CKiR Orle Gniazdo ul. Wrzosowa 28a"]
[Date "2014-07-29"]
[Round "7.116"]
[White "Rylski, Mateusz"]
[Black "Gworys, Grzegorz"]
[Result "0-1"]
[WhiteTitle "II"]
[BlackTitle "II"]
[WhiteElo "1347"]
[BlackElo "1391"]

1. e4 c5 2. Nf3 Nc6 3. d4 cxd4 4. Nxd4 g6 5. Nc3 Bg7 6. Be3 Nf6 7. f3 O-O 8. Qd2
a6 9. O-O-O Qc7 10. g4 b5 11. a3 Rb8 12. Na2 d5 13. Nxc6 Qxc6 14. exd5 Nxd5 15.
Qxd5 Qxd5 16. Rxd5 Be6 17. Rd1 Bxa2 18. b3 Rbc8 19. Rd3 a5 20. Bg2 Rc3 21. Rhd1
a4 22. Rxc3 Bxc3 23. Bd4 Bxd4 24. Rxd4 axb3 25. cxb3 Bxb3 26. Rb4 Ba4 27. Bf1
Rc8+ 28. Kb1 Rc3 29. Ka2 Rxf3 30. Bxb5 Bxb5 31. Rxb5 Rf2+ 32. Kb3 Rxh2 33. a4
Rd2 34. Rb8+ Kg7 35. a5 Rd1 36. Kb2 Rd5 37. a6 Ra5 38. Ra8 Kf6 39. a7 Kg5 40.
Kb3 Kxg4 41. Kb4 Ra1 42. Kb5 e5 43. Kb6 e4 44. Re8 f5 45. a8=Q Rxa8 46. Rxa8 e3
47. Ra3 Kf3 48. Kc5 Kf2 49. Kd4 e2 50. Ra2 Kf1 51. Ke3 e1=Q+ 52. Kf3 Qc3+ 53.
Kf4 Qc4+ 0-1

[Event "DRUZYNOWE MISTRZOSTWA POLSKI JUNIOROW - II LIGA"]
[Site "Szczyrk, CKiR Orle Gniazdo ul. Wrzosowa 28a"]
[Date "2014-07-29"]
[Round "7.118"]
[White "Golecka, Jadwiga"]
[Black "Mielczarek, Joanna"]
[Result "0-1"]
[WhiteTitle "II"]
[BlackTitle "I"]
[WhiteElo "1067"]
[BlackElo "1562"]

1. e4 d6 2. d4 Nf6 3. Nc3 g6 4. Nf3 Bg7 5. Be2 O-O 6. O-O Nc6 7. Bf4 Nd7 8. Bb5
a6 9. Bxc6 bxc6 10. Re1 c5 11. dxc5 Nxc5 12. Qd2 Rb8 13. Rab1 Bb7 14. Qe3 Ne6
15. Bg3 c5 16. b3 Nd4 17. Qd3 Nxf3+ 18. Qxf3 Qa5 19. Nd5 Bxd5 20. exd5 Qxa2 21.
Rbc1 Rfe8 22. Re2 c4 23. bxc4 Qxc4 24. Rd1 a5 25. Rde1 Qc5 26. h3 Rb7 27. Bh4
Kf8 28. Kh1 a4 29. Qd3 a3 30. c4 Qd4 31. Qxa3 Qxh4 32. c5 dxc5 33. Qxc5 Bd4 34.
Qc6 Rb6 35. Qc7 Qf6 36. Rf1 Qd6 37. Qc4 Qc5 38. Qd3 Qxd5 39. Rd2 Rd8 40. Rfd1
Rbd6 41. Qe2 Qe5 42. Qf3 Bc5 43. Rxd6 Rxd6 44. Rxd6 Bxd6 45. Kg1 Qe1# 0-1

[Event "DRUZYNOWE MISTRZOSTWA POLSKI JUNIOROW - II LIGA"]
[Site "Szczyrk, CKiR Orle Gniazdo ul. Wrzosowa 28a"]
[Date "2014-07-29"]
[Round "7.120"]
[White "Tamon, Radoslaw"]
[Black "Kaluzny, Tomasz"]
[Result "0-1"]
[WhiteTitle "I"]
[BlackTitle "I"]
[WhiteElo "1721"]
[BlackElo "1765"]

1. e4 c5 2. Nf3 Nc6 3. d4 cxd4 4. Nxd4 Nf6 5. Nc3 d6 6. Be3 Ng4 7. Nxc6 bxc6 8.
Qd2 Nxe3 9. Qxe3 e6 10. f4 Be7 11. Bd3 d5 12. exd5 cxd5 13. O-O-O O-O 14. Rde1
Bf6 15. g4 Bxc3 16. bxc3 Qa5 17. Kd2 Ba6 18. Rb1 Bxd3 19. Qxd3 d4 20. Rb5 dxc3+
21. Ke3 Qxa2 22. Qxc3 Qa6 23. Rhb1 Qd6 24. Qd3 Qc7 25. c4 Rad8 26. Qe4 Qd6 27.
R1b2 Qd1 28. g5 Qg1+ 29. Kf3 Rd1 30. Rg2 Qf1+ 31. Kg4 Rc1 32. Rc5 Rc3 33. Rc7
Qd1+ 34. Kh4 g6 35. Rg4 a5 36. c5 Qc1 37. c6 Qb2 38. Rg2 Qb6 39. Qe5 Rxc6 40.
Rxc6 Qxc6 41. Rd2 a4 42. Qf6 Qb6 43. Qc3 Qb3 44. Qf6 a3 45. Rd8 Qb2 46. Qxb2 axb2
47. Rd1 Rb8 48. Rb1 Rb3 49. Kg4 Kf8 50. h4 Ke7 51. h5 Kd6 52. hxg6 hxg6 53. f5
exf5+ 54. Kf4 Kd5 55. Rd1+ Kc4 0-1

[Event "DRUZYNOWE MISTRZOSTWA POLSKI JUNIOROW - II LIGA"]
[Site "Szczyrk, CKiR Orle Gniazdo ul. Wrzosowa 28a"]
[Date "2014-07-29"]
[Round "7.121"]
[White "Kaluzny, Jan"]
[Black "Blocinski, Maciej"]
[Result "0-1"]
[WhiteTitle "II"]
[BlackTitle "I"]
[WhiteElo "1367"]
[BlackElo "1717"]

1. e4 e5 2. Nf3 Nc6 3. Bc4 Nf6 4. Ng5 d5 5. exd5 Na5 6. Bb5+ c6 7. dxc6 bxc6 8.
Be2 h6 9. Nf3 e4 10. Ne5 Bd6 11. d4 exd3 12. Nxd3 O-O 13. O-O Re8 14. Nc3 Qc7
15. h3 Bb7 16. Bf3 Nc4 17. b3 Ne5 18. Nxe5 Bxe5 19. Bb2 Rad8 20. Qb1 Ba6 21. Re1
Bf4 22. Ne4 Nxe4 23. Rxe4 Rxe4 24. Bxe4 Rd2 25. Bc3 Rxf2 26. Bd4 Bh2+ 27. Kh1
Rf4 28. c3 c5 29. Be3 Rf1+ 30. Qxf1 Bxf1 31. Rxf1 Qe5 32. Bb1 Qxe3 33. Kxh2 Qxc3
34. Rd1 g6 35. Rd8+ Kg7 36. Rd7 Qe5+ 37. Kg1 Qe1+ 38. Kh2 Qxb1 39. Rxa7 c4 40.
a4 Qxb3 41. Ra8 c3 42. a5 c2 43. Rc8 Qb2 44. a6 c1=Q 45. Rxc1 Qxc1 46. a7 Qa1
47. a8=Q Qxa8 0-1

[Event "DRUZYNOWE MISTRZOSTWA POLSKI JUNIOROW - II LIGA"]
[Site "Szczyrk, CKiR Orle Gniazdo ul. Wrzosowa 28a"]
[Date "2014-07-29"]
[Round "7.122"]
[White "Wloch, Mikolaj"]
[Black "Niemier, Hubert"]
[Result "1-0"]
[WhiteTitle "II"]
[BlackTitle "II"]
[WhiteElo "1482"]
[BlackElo "1413"]

1. e4 c6 2. Nc3 d5 3. Nf3 Bg4 4. exd5 cxd5 5. d4 Nc6 6. Be2 e6 7. Bf4 Bd6 8. Qd2
Nge7 9. Bxd6 Qxd6 10. O-O-O O-O 11. h3 Bf5 12. g4 Bg6 13. h4 Nb4 14. Nb5 Qc6 15.
Na3 a5 16. Kb1 Rac8 17. Rc1 f6 18. g5 Kh8 19. h5 Bf5 20. gxf6 Rxf6 21. Ne5 Qc7
22. Bb5 Nbc6 23. Qg5 h6 24. Qg3 Nxd4 25. Bd7 Ne2 26. Qh2 Nxc1 27. Bxc8 Qxc8 28.
Rxc1 Nc6 29. Nxc6 Qxc6 30. Rg1 Rf7 31. Qb8+ Kh7 32. Rg3 Qa6 33. Rg1 Qe2 34. Qg3
Be4 35. f4 Qf3 36. Qe1 Qxf4 37. Qxa5 Qf1+ 38. Qe1 Qxe1+ 39. Rxe1 Rf2 40. Kc1 Rh2
41. Re3 Rxh5 42. Rg3 Rh1+ 43. Kd2 Rh2+ 44. Kc1 d4 45. Rb3 Bc6 46. Nc4 Rh5 47.
Nd6 e5 48. Nxb7 Bxb7 49. Rxb7 e4 50. Rd7 e3 51. Rxd4 Rh1+ 52. Rd1 Rh2 53. Re1
Rh3 54. a4 g5 55. a5 Rf3 56. b4 g4 57. a6 g3 58. a7 g2 59. a8=Q Rf2 60. Qe4+ Kg7
61. Qxe3 Rf1 62. Qg1 1-0

[Event "DRUZYNOWE MISTRZOSTWA POLSKI JUNIOROW - II LIGA"]
[Site "Szczyrk, CKiR Orle Gniazdo ul. Wrzosowa 28a"]
[Date "2014-07-29"]
[Round "7.124"]
[White "Wloch, Dominika"]
[Black "Walkowiak, Bogumila"]
[Result "0-1"]
[WhiteTitle "II"]
[BlackTitle "II"]
[WhiteElo "1235"]
[BlackElo "1240"]

1. e4 e5 2. Nf3 Nc6 3. Bc4 Bc5 4. c3 Nf6 5. d4 exd4 6. cxd4 Bb4+ 7. Bd2 Bxd2+ 8.
Nbxd2 d5 9. exd5 Nxd5 10. O-O O-O 11. Re1 Nb6 12. Bb5 Nxd4 13. Nxd4 Qxd4 14. Qe2
Be6 15. Nf3 Qf6 16. Rac1 c6 17. Bd3 Rfd8 18. b3 Nd5 19. Qd2 Nf4 20. Rc3 Rd7 21.
Re4 Nxd3 22. Rxd3 Rxd3 23. Qxd3 Bf5 24. h3 Qg6 25. Nd2 Bxe4 26. Nxe4 Re8 27. f3
Qe6 28. Nd6 Rd8 29. Qf5 Qxd6 0-1

[Event "DRUZYNOWE MISTRZOSTWA POLSKI JUNIOROW - II LIGA"]
[Site "Szczyrk, CKiR Orle Gniazdo ul. Wrzosowa 28a"]
[Date "2014-07-29"]
[Round "7.126"]
[White "Chmielarz, Maciej"]
[Black "Madalinski, Jan"]
[Result "1-0"]
[WhiteTitle "I"]
[BlackTitle "II"]
[WhiteElo "1862"]
[BlackElo "1474"]

1. d4 d5 2. c4 c6 3. cxd5 cxd5 4. Nc3 Nc6 5. Nf3 Nf6 6. Bf4 Qb6 7. Qd2 e6 8. a3
Ne4 9. Nxe4 dxe4 10. Ne5 Qxd4 11. Qxd4 Nxd4 12. O-O-O Nc6 13. Nc4 b6 14. e3 f5
15. g4 Be7 16. Nd6+ Bxd6 17. Bb5 Bd7 18. Rxd6 a6 19. Rxd7 Kxd7 20. Rd1+ Ke7 21.
Bxc6 Rac8 22. Rd7+ Kf6 23. Bc7 g6 24. Bb7 Rce8 25. Bxa6 fxg4 26. Bxb6 h5 27. Bc4
h4 28. Bc7 Rh5 29. a4 Rc8 30. b3 Rc5 31. Bd8+ Ke5 32. Bxh4 Rxc4+ 33. bxc4 Rxc4+
34. Kb2 Rxa4 35. Bg3+ 1-0

[Event "DRUZYNOWE MISTRZOSTWA POLSKI JUNIOROW - II LIGA"]
[Site "Szczyrk, CKiR Orle Gniazdo ul. Wrzosowa 28a"]
[Date "2014-07-29"]
[Round "7.132"]
[White "Hladun, Bartlomiej"]
[Black "Kruszynski, Krzysztof"]
[Result "0-1"]
[WhiteTitle "II"]
[BlackTitle "II"]
[WhiteElo "1295"]
[BlackElo "1675"]

1. e4 e5 2. Nf3 Nc6 3. d4 exd4 4. Bc4 Nf6 5. e5 d5 6. Bb5 Ne4 7. Nxd4 Bd7 8. O-O
Nxd4 9. Bxd7+ Qxd7 10. Qxd4 Bc5 11. Qd1 O-O-O 12. Qe2 Rhe8 13. Nd2 Rxe5 14. Nb3
Bb6 15. c3 Nxf2 16. Qc2 Nd3+ 17. Kh1 Nf2+ 18. Kg1 Ne4+ 19. Kh1 Ng3+ 20. hxg3 Rh5#
0-1

[Event "DRUZYNOWE MISTRZOSTWA POLSKI JUNIOROW - II LIGA"]
[Site "Szczyrk, CKiR Orle Gniazdo ul. Wrzosowa 28a"]
[Date "2014-07-29"]
[Round "7.134"]
[White "Mackowiak, Filip"]
[Black "Stanowski, Mateusz"]
[Result "0-1"]
[WhiteTitle "II"]
[BlackTitle "II"]
[WhiteElo "1300"]
[BlackElo "1336"]

1. e4 e5 2. Nf3 Nc6 3. d4 exd4 4. Bc4 Na5 5. Qxd4 Nxc4 6. Qxc4 d6 7. O-O Be7 8.
Nc3 Nf6 9. Bg5 h6 10. Bh4 O-O 11. Rad1 Nd7 12. Bg3 Nb6 13. Qd3 Be6 14. Nd5 Na4
15. Qb5 Nc5 16. Qe2 Bxd5 17. exd5 Re8 18. Rfe1 Bf6 19. Qxe8+ Qxe8 20. Rxe8+ Rxe8
21. b3 Bc3 22. Kf1 Bb4 23. Nd4 Ne4 24. Bf4 Nc3 25. Ra1 Nxd5 26. Bg3 a6 27. a3
Bc3 28. Rd1 Bb2 29. a4 Nb4 30. f3 Bxd4 31. Rxd4 Nxc2 32. Rd2 Ne3+ 33. Kf2 Nf5
34. Rc2 Nxg3 35. Kxg3 c6 36. b4 Re5 37. Kf4 Kf8 38. Rd2 Ke7 39. h4 Ke6 40. g4
a5 41. bxa5 Rxa5 42. Re2+ Re5 43. Rb2 Ra5 44. Rxb7 Rxa4+ 45. Ke3 Ra8 46. Rb3 f5
47. g5 hxg5 48. hxg5 Ra7 49. f4 c5 50. Rc3 Kd5 51. Kd3 c4+ 52. Rxc4 Ra3+ 53. Rc3
Rxc3+ 54. Kxc3 Ke4 55. Kc4 Kxf4 56. Kd5 Kxg5 57. Kxd6 f4 58. Kd5 f3 59. Ke4 f2
60. Kd4 f1=Q 61. Ke4 Qf4+ 62. Kd5 Qe3 63. Kc4 Qd2 64. Kc5 Kf5 65. Kc4 Ke5 66.
Kc5 Qc3+ 67. Kb5 Kd5 68. Kb6 Qc6+ 69. Ka7 Qb5 70. Ka8 Kc6 71. Ka7 Qb7# 0-1